| 000 | 00809cam a22002534a 4500 | ||
|---|---|---|---|
| 001 | 15361602 | ||
| 005 | 20171214040834.0 | ||
| 008 | 080710s2010 caua 001 0 eng | ||
| 010 | _a 2008932948 | ||
| 020 | _a9780547197944 (student ed.) | ||
| 020 | _a0547197942 (student ed.) | ||
| 020 | _a9780547211015 (instructor's annotated ed.) | ||
| 020 | _a0547211015 (instructor's annotated ed.) | ||
| 040 |
_aDLC _cDLC |
||
| 041 | _aeng | ||
| 080 | _a51 AUF | ||
| 082 | _a51 AUF | ||
| 100 | 1 | _a36 | |
| 101 | _aMAT | ||
| 245 | 1 | 0 |
_aAlgebra : _cRichard N.Aufmann, Joanne S. Lockwood. |
| 906 |
_a7 _bcbc _corignew _d3 _eepcn _f20 _gy-gencatlg |
||
| 942 |
_2ddc _cBK |
||
| 999 |
_c38898 _d38898 |
||